| 000 | 00885nam a22002297a 4500 | ||
|---|---|---|---|
| 005 | 2012120705515.0 | ||
| 008 | 121207t xxu||||| |||| 00| 0 eng d | ||
| 010 | _aENG-106274 | ||
| 020 |
_a9788184842265 _c1350.00 |
||
| 035 | _aEN-89807 | ||
| 037 | _bDBAD/PUB | ||
| 040 |
_aDPL _bEng |
||
| 082 | _a368.3200954 | ||
| 100 |
_954009 _aSharma, K.C. |
||
| 245 |
_aLife insurance in India : _cby K.C. Sharma ; foreworded by A.K. Vashisht _bprinciples and practices / |
||
| 260 |
_aNew Delhi _bRegal Publications _c2013 |
||
| 270 |
_aF-159 Rajouri Garden _bNew Delhi _e110027 |
||
| 300 |
_axvi,365p. _c23cm(Hb) |
||
| 500 | _aIncludes bibliographical references and index | ||
| 942 |
_2ddc _cEN _mSHA _h368.3200954 |
||
| 999 |
_c71916 _d71916 |
||